| 000 | 00392nam a2200133Ia 4500 | ||
|---|---|---|---|
| 008 | 240624s9999 xx 000 0 und d | ||
| 041 | _aeng | ||
| 082 | _a658.88 COL 658.88 COL | ||
| 100 | _aCOLOMBINI FABIANO | ||
| 245 | _aRAISING CAPITAL OR IMPROVING RISK MANAGEMENT AND EFFICIENCY | ||
| 260 |
_c2018 _aSwitzerland _bPalgrave Macmillan |
||
| 300 | _axiii, 218 p.; 23 cm. | ||
| 365 |
_cERU _b33 |
||
| 999 |
_c32383 _d32383 |
||